| 000 | 00459nam a22001697a 4500 | ||
|---|---|---|---|
| 005 | 20240625113929.0 | ||
| 008 | 240625b |||||||| |||| 00| 0 eng d | ||
| 020 | _a9781423903031 | ||
| 082 |
_a004.6 _bWHI-D |
||
| 100 | _aWhite, Curt | ||
| 245 |
_a Data Communications and computer networks / _cCurt White |
||
| 260 |
_ausa: _bpearson; _c2009. |
||
| 300 |
_axiv, 505 p. : _bill; _c28 cm. |
||
| 500 | _ainclude index. | ||
| 650 | _aNetworking | ||
| 999 |
_c35955 _d35955 |
||